Reservations for women/ (Record no. 11437)

MARC details
000 -LEADER
fixed length control field 02742 a2200397 4500
005 - DATE AND TIME OF LATEST TRANSACTION
control field 20090513120620.0
008 - FIXED-LENGTH DATA ELEMENTS--GENERAL INFORMATION
fixed length control field 090513t xxu||||| |||| 00| 0 eng d
010 ## - LCCN (DPL NO)
LC control number ENG-89826 B-308241-246
020 ## - INTERNATIONAL STANDARD BOOK NUMBER
International Standard Book Number 8188965413
Terms of availability 600.00
020 ## - INTERNATIONAL STANDARD BOOK NUMBER
International Standard Book Number 9788188965410
Terms of availability 600.00
035 ## - SYSTEM CONTROL NUMBER
System control number EN-73359
035 ## - SYSTEM CONTROL NUMBER
System control number B-308241-246
035 ## - SYSTEM CONTROL NUMBER
System control number B-359160
037 ## - SOURCE OF ACQUISITION
Source of stock number/acquisition DBAD / PUB
037 ## - SOURCE OF ACQUISITION
Source of stock number/acquisition Pansy Books
040 ## - CATALOGING SOURCE
Original cataloging agency dpl
Language of cataloging English
082 ## - DEWEY DECIMAL CLASSIFICATION NUMBER
Classification number 305.42
245 ## - TITLE STATEMENT
Title Reservations for women/
Statement of responsibility, etc edited by Meena Dhanda
260 ## - PUBLICATION, DISTRIBUTION, ETC. (IMPRINT)
Place of publication, distribution, etc New Delhi
Name of publisher, distributor, etc Women Unlimited
Date of publication, distribution, etc 2008
270 ## - ADDRESS
Address K-36, Hauz Khas Enclave, Ground Floor,
City New Delhi
Postal code 110 016
300 ## - PHYSICAL DESCRIPTION
Extent xl, 390p.
Dimensions 24cm(Hb)
490 ## - SERIES STATEMENT
Series statement Issues in contemporary Indian feminism; edited by Rajeswari Sunder Rajan
700 ## - ADDED ENTRY--PERSONAL NAME
Personal name Dhanda, Meena
700 ## - ADDED ENTRY--PERSONAL NAME
Personal name Rajeswari Sunder Rajan
942 ## - ADDED ENTRY ELEMENTS (KOHA)
Institution code [OBSOLETE] dpl
Item type English Books
Source of classification or shelving scheme Dewey Decimal Classification
Classification part 305.42
Call number suffix RES
Holdings
Withdrawn status Lost status Source of classification or shelving scheme Damaged status Not for loan Home library Current library Date acquired Cost, normal purchase price Total Checkouts Barcode Date last seen Cost, replacement price Koha item type Collection code Source of acquisition Full call number Copy number Total Renewals
    Dewey Decimal Classification     Bawana Bawana 13/05/2009 600.00 2 B-308245 15/04/2025 600.00 English Books Non-fiction Women Unlimited/1969/16.12.08/270/12.12.08/18.12.08 305.42 RES 1 1
    Dewey Decimal Classification     Central Library Central Library 13/05/2009 600.00   B-308241 13/05/2009 600.00 English Books Non-fiction Women Unlimited/1969/16.12.08/270/12.12.08/18.12.08 305.42 RES 1  
    Dewey Decimal Classification     Andrews Gunj D.B.Act.Division 01/10/2008 600.00   EN-73359 15/09/2008 600.00 English Books          
    Dewey Decimal Classification     Janak Puri Janak Puri 03/10/2009 600.00 2 B-359160 13/09/2022 600.00 English Books Non-fiction Pansy Books/942/29.9.09/92/4.9.09/29.9.09 305.42 RES 1 1
    Dewey Decimal Classification     Patel Nagar Patel Nagar 13/05/2009 600.00   B-308242 13/05/2009 600.00 English Books Non-fiction Women Unlimited/1969/16.12.08/270/12.12.08/18.12.08 305.42 RES 1  
    Dewey Decimal Classification     Peshwa Road Peshwa Road 13/05/2009 600.00   B-308243 13/05/2009 600.00 English Books Non-fiction Women Unlimited/1969/16.12.08/270/12.12.08/18.12.08 305.42 RES 1  
    Dewey Decimal Classification     Sarojini Nagar Sarojini Nagar 13/05/2009 600.00 2 B-308244 20/07/2015 600.00 English Books Non-fiction Women Unlimited/1969/16.12.08/270/12.12.08/18.12.08 305.42 RES 1  
    Dewey Decimal Classification     Shahdara Branch Shahdara Branch 13/05/2009 600.00   B-308246 13/05/2009 600.00 English Books Non-fiction Women Unlimited/1969/16.12.08/270/12.12.08/18.12.08 305.42 RES 1  

© Delhi Public Library
Hit Counter
free hit counter